Advanced study in the constitutional history of India, (Record no. 66243)

MARC details
000 -LEADER
fixed length control field 00648cam a22002291 4500
001 - CONTROL NUMBER
control field sa 65009478
003 - CONTROL NUMBER IDENTIFIER
control field DLC
005 - DATE AND TIME OF LATEST TRANSACTION
control field 20260227112202.0
008 - FIXED-LENGTH DATA ELEMENTS--GENERAL INFORMATION
fixed length control field 780918s1964 ii 001 0 eng
010 ## - LIBRARY OF CONGRESS CONTROL NUMBER
LC control number sa 65009478
035 ## - SYSTEM CONTROL NUMBER
System control number (OCoLC)4232809
040 ## - CATALOGING SOURCE
Original cataloging agency DLC
Transcribing agency KyLoU
Modifying agency KyLoU
-- DLC
042 ## - AUTHENTICATION CODE
Authentication code premarc
043 ## - GEOGRAPHIC AREA CODE
Geographic area code a-ii---
045 ## - TIME PERIOD OF CONTENT
Time period code x4x4
050 00 - LIBRARY OF CONGRESS CALL NUMBER
Classification number JQ215 1964
Item number C5
100 1# - MAIN ENTRY--PERSONAL NAME
Personal name Chhabra, G. S.
245 10 - TITLE STATEMENT
Title Advanced study in the constitutional history of India,
Statement of responsibility, etc. by G. S. Chhabra.
260 ## - PUBLICATION, DISTRIBUTION, ETC.
Place of publication, distribution, etc. Ludhiana,
Name of publisher, distributor, etc. Parkash Bros.,
Date of publication, distribution, etc. 1964.
300 ## - PHYSICAL DESCRIPTION
Extent 5, 2, 581, 191, vii p.
Dimensions 22 cm.
651 #0 - SUBJECT ADDED ENTRY--GEOGRAPHIC NAME
Geographic name India
General subdivision Politics and government
Chronological subdivision 1947-

No items available.

Powered by Koha